RODIČOVSKÁ AKADÉMIA V IVANKE PRI DUNAJI

Bibliographic Details
Main Author: Studnický, Július, 1926- (Author)
Format: Article
Language:Slovak

MARC

LEADER 00000nab a2200000ua 4500
001 vtls010779829
003 SK-MaSNL
005 20260303153029.0
008 230222s xo |||||||||||||||||slo|
035 |a (urnnbn)urn:nbn:sk:snk:ar-a00mqc 
035 |a (uuid)32857e20-cf40-457c-879f-88d19199b104 
035 |a urn:nbn:sk:snk-ab4aju 
040 |a SNKBUCL  |b slo  |c SNKBUCL  |e AACR2 
041 0 |a slo 
044 |a xo  |c SK 
100 1 |a Studnický, Július,  |d 1926-  |4 aut  |9 220183 
245 1 0 |a RODIČOVSKÁ AKADÉMIA V IVANKE PRI DUNAJI  |c J. Studnický 
773 0 |t Rodina a škola  |g Roč. 11, č. 3 (1963-1964), s. 69 
954 |a odborná, vedecká literatúra pôvodná (slovenská)  |2 lita 
958 |a OND 
958 |a EUIPO 
958 |a article3 
999 |c 2026086  |d 2028016